| 000 | 00414nam a2200133Ia 4500 | ||
|---|---|---|---|
| 008 | 211109s9999||||xx |||||||||||||| ||und|| | ||
| 082 |
_a891.2 _bPAR-K |
||
| 100 | _aParopakarinom Sabhya, Srimatya | ||
| 245 | 0 | _aKannasha Ramayanam, Sundra Kanda | |
| 260 |
_bRamavarma Appanthampuran _aMisplace _c1994 |
||
| 630 | _xGeneral Stack | ||
| 650 |
_aMalayalam Literature _vRamayanamHindu Holy Books _xSanskrit |
||
| 942 | _cBOOK | ||
| 999 |
_c1194 _d1194 |
||